| 000 | 00700nam a2200253Ia 4500 | ||
|---|---|---|---|
| 003 | OSt | ||
| 005 | 20221006142319.0 | ||
| 006 | a|||||r|||| 00| 0 | ||
| 007 | ta | ||
| 008 | 221006b |||||||| |||| 00| 0 eng d | ||
| 020 |
_c _40.50 |
||
| 024 | _a6,041 | ||
| 037 | _cTextual | ||
| 040 |
_aEASL _cEASL _beng |
||
| 041 |
_2eng _aeng |
||
| 082 | _aY15.42.N12, N0 | ||
| 100 |
_aTSURUMI E. patricia _9647376 |
||
| 245 | 0 |
_aFactory Girls _b Women in the thread mills of meiji Japan |
|
| 260 |
_aNew Jersey _bPrinceton University Press _c1990 |
||
| 300 |
_a215p. _ccm. |
||
| 490 | _v JEL | ||
| 942 |
_hY15.42.N12, N0 _cTEXL _2CC |
||
| 999 |
_c1074127 _d1074127 |
||